000
00292nam a2200121Ia 4500
005
20251222154332.0
008
251222s9999||||xx |||||||||||||| ||spa||
020
_a
84-02-07919-9
082
_a
869.34/D89
100
_a
"Donoso Yáñez, José"
245
0
_a
El lugar sin límites
942
_c
LIB
999
_c
34197
_d
34197